INFORMATION SYSTEMS CONCEPTS FOR MANAGEMENT (Record no. 3382)

000 -LEADER
fixed length control field nam a22 a 4500
005 - DATE AND TIME OF LATEST TRANSACTION
control field 20170522124511.0
008 - FIXED-LENGTH DATA ELEMENTS--GENERAL INFORMATION
fixed length control field 170522b1986 S ||||| |||| 00| 0 eng d
020 ## - INTERNATIONAL STANDARD BOOK NUMBER
International Standard Book Number 007Y665060
040 ## - CATALOGING SOURCE
Original cataloging agency AKMAL
082 ## - DEWEY DECIMAL CLASSIFICATION NUMBER
Classification number 658.40388 LUC
090 ## - LOCALLY ASSIGNED LC-TYPE CALL NUMBER (OCLC); LOCAL CALL NUMBER (RLIN)
Classification number (OCLC) (R) ; Classification number, CALL (RLIN) (NR) 658.40388
Local cutter number (OCLC) ; Book number/undivided call number, CALL (RLIN) LUC
245 ## - TITLE STATEMENT
Title INFORMATION SYSTEMS CONCEPTS FOR MANAGEMENT
Statement of responsibility, etc. HENRY C. LUCAS, JR.
260 ## - PUBLICATION, DISTRIBUTION, ETC.
Place of publication, distribution, etc. SINGAPORE
Name of publisher, distributor, etc. McGRAW-HILL
Date of publication, distribution, etc. 1986
300 ## - PHYSICAL DESCRIPTION
Extent 562pg,;
Dimensions 20 cm
942 ## - ADDED ENTRY ELEMENTS (KOHA)
Source of classification or shelving scheme
Koha item type Book
Holdings
Withdrawn status Lost status Source of classification or shelving scheme Damaged status Not for loan Collection code Home library Current library Shelving location Date acquired Inventory number Total Checkouts Full call number Barcode Date last seen Price effective from Koha item type
          NON-FICTION AKMAL Melaka AKMAL Melaka PINJAMAN 22.05.2017 091871   658.40388 LUC 201704316 22.05.2017 22.05.2017 Book
Pusat Sumber Maklumat Dato' Haji Sarmin Md Hussin, Akademi Kastam Diraja Malaysia, Melaka
Tel: 06-2331106 | Faks: 06-2313787